Les codes de la Russie soviétique / (Record no. 45293)
[ view plain ]
| 000 -LEADER | |
|---|---|
| campo de control de longitud fija | 00977nam a2200205 i 4500 |
| 001 - NÚMERO DE CONTROL | |
| campo de control | 45293 |
| 003 - IDENTIFICADOR DE NÚMERO DE CONTROL | |
| campo de control | ES-MaACL |
| 005 - FECHA Y HORA DE LA ÚLTIMA TRANSACCIÓN | |
| campo de control | 20230906161207.0 |
| 007 - CAMPO FIJO DE DESCRIPCIÓN FÍSICA--INFORMACIÓN GENERAL | |
| campo de control de longitud fija | t| |
| 008 - DATOS DE LONGITUD FIJA--INFORMACIÓN GENERAL | |
| campo de control de longitud fija | 030325s1925 fr ||||1| fre d |
| 245 04 - MENCIÓN DEL TÍTULO | |
| Título | Les codes de la Russie soviétique / |
| Mención de responsabilidad, etc. | traduits par Jules Patouillet et Raoul Dufour ; préfaces et introductions de Jules Patouillet, Edouars Lambert et Pierre Garraud. |
| 260 ## - PUBLICACIÓN, DISTRIBUCIÓN, ETC. | |
| Lugar de publicación, distribución, etc. | Paris : |
| Nombre del editor, distribuidor, etc. | M. Giard, |
| Fecha de publicación, distribución, etc. | 1925. |
| 300 ## - DESCRIPCIÓN FÍSICA | |
| Extensión | 2 v. ; |
| Dimensiones | 23 cm. |
| 505 8# - NOTA DE CONTENIDO CON FORMATO | |
| Nota de contenido con formato | Contiene: V. I: Code de la famille / traduit par Jules Patonillet. Code civil / traduit par Jules Patonillet et Raoul Dufour ; avec préface et introduction par Edouard Lambert et Jules Patonillet. -- V. II: Code du travail. Code agraire. Code forestier. Code minier. Code Veterinaire / traduits par Jules Patonille |
| 650 04 - PUNTO DE ACCESO ADICIONAL DE MATERIA--TÉRMINO DE MATERIA | |
| Término de materia o nombre geográfico como elemento de entrada | Derecho- |
| Subdivisión geográfica | URSS. |
| 9 (RLIN) | 11635 |
| 700 1# - ENTRADA AGREGADA--NOMBRE PERSONAL | |
| Nombre de persona | Dufour, Raoul. |
| 9 (RLIN) | 45905 |
| 700 1# - ENTRADA AGREGADA--NOMBRE PERSONAL | |
| Nombre de persona | Lambert, Edouard. |
| 9 (RLIN) | 69808 |
| 700 0# - ENTRADA AGREGADA--NOMBRE PERSONAL | |
| Nombre de persona | Patouillet, J. |
| 9 (RLIN) | 89584 |
| 852 ## - LOCALIZACIÓN | |
| Ubicación | ES-MaACL |
| Número de control de estantería | B-5486-87 |
| Estatus retirado | Estado de pérdida | Estado de daño | No para préstamo | Biblioteca de origen | Biblioteca actual | Ubicación en estantería | Fecha de adquisición | Fuente de adquisición | Total de préstamos | Signatura topográfica completa | Código de barras | Visto por última vez | Precio de reemplazo | Tipo de ítem Koha |
|---|---|---|---|---|---|---|---|---|---|---|---|---|---|---|
| Biblioteca del Ateneo de Madrid | Biblioteca del Ateneo de Madrid | Sala Pardo Bazán | 17/01/2008 | B-5486-87 | 1047659 | 23/02/2023 | 23/02/2023 | Libro impreso |
